[Event "34th Chess Olympiad (men)"]
[Site "Istanbul"]
[Date "2000.10.29"]
[Round "2.32.4"]
[White "Misaka, Susumu"]
[Black "Alemu, Fikreselassie"]
[WhiteElo "2000"]
[BlackElo "2000"]
[WhiteCountry "JPN"]
[BlackCountry "ETH"]
[Result "1-0"]

1. d4 Nf6 2. c4 g6 3. Nc3 Bg7 4. e4 d6 5. Nf3 O-O 6. Be2 c5 7. O-O Bg4 
8. Be3 Nbd7 9. h3 Bxf3 10. Bxf3 a6 11. Qe2 Qa5 12. Rfd1 cxd4 13. Bxd4 Ne5 
14. Rac1 Nxf3+ 15. Qxf3 Rfc8 16. b3 b5 17. cxb5 e5 18. b4 Qxb4 19. Rb1 Qa5 
20. b6 exd4 21. b7 Qxc3 22. Rd3 Qc6 23. Rxd4 Nd7 24. Rdb4 Rab8 25. bxc8Q+ 
1-0

[Event "34th Chess Olympiad (men)"]
[Site "Istanbul"]
[Date "2000.10.29"]
[Round "2.33.2"]
[White "Gurcan, Selim"]
[Black "Handoko, Edhi"]
[WhiteElo "2295"]
[BlackElo "2435"]
[WhiteCountry "TURA"]
[BlackCountry "INA"]
[Result "0-1"]

1. e4 e5 2. Bc4 Nf6 3. d3 Nc6 4. Nf3 Be7 5. O-O O-O 6. c3 d5 7. exd5 Nxd5 
8. Re1 Bg4 9. Nbd2 Kh8 10. h3 Bh5 11. Ne4 f5 12. Ng3 Bg6 13. Nxe5 Nxe5 
14. Rxe5 Nb6 15. Bb3 f4 16. Nf1 Bf6 17. Bxf4 Bxe5 18. Bxe5 Nd7 19. Bd4 Qh4 
20. Ng3 Rae8 21. Qd2 h6 22. a4 a5 23. Kh2 b6 24. Rf1 c5 25. Be3 Ne5 
26. Kg1 Nxd3 27. Bd5 Rd8 28. c4 Nb4 29. Ne2 Bd3 30. Nf4 Rxf4 31. Bxf4 Bxc4 
32. g3 Qf6 33. Bxc4 Rxd2 34. Bxd2 Qxb2 35. Bf4 Qd4 36. Bb5 Nd5 37. Bc1 c4 
38. Re1 c3 
0-1

[Event "34th Chess Olympiad (men)"]
[Site "Istanbul"]
[Date "2000.10.29"]
[Round "2.33.3"]
[White "Gunawan, Ruben"]
[Black "Karadeniz, Emre"]
[WhiteElo "2503"]
[BlackElo "2278"]
[WhiteCountry "INA"]
[BlackCountry "TURA"]
[Result "1-0"]

1. Nf3 d5 2. d4 c6 3. Bg5 Qb6 4. b3 h6 5. Bh4 Bf5 6. e3 e6 7. Qd3 Nd7 
8. c3 Ngf6 9. c4 Ne4 10. Nc3 g5 11. c5 Qc7 12. Nxd5 cxd5 13. b4 g4 14. a4 h5 
15. Qxe4 Qg3 16. fxg3 Bg7 17. Qxe6+ fxe6 18. a5 Bf6 19. a6 
1-0

[Event "34th Chess Olympiad (men)"]
[Site "Istanbul"]
[Date "2000.10.29"]
[Round "2.33.4"]
[White "Atakisi, Umut"]
[Black "Juswanto, Denny"]
[WhiteElo "2258"]
[BlackElo "2483"]
[WhiteCountry "TURA"]
[BlackCountry "INA"]
[Result "0-1"]

1. e3 d6 2. e4 Nf6 3. d4 g6 4. Nc3 Bg7 5. Nf3 c6 6. Be3 Bg4 7. Qd2 O-O 
8. Bd3 Nbd7 9. O-O-O e5 10. Ne2 Re8 11. dxe5 dxe5 12. Ng3 Nc5 13. h3 Na4 
14. Bc4 Bxh3 15. gxh3 Kf8 16. Bb3 Ke7 17. Bc5+ Nxc5 18. Kb1 Nfd7 19. h4 h5 
20. Ne2 Nb6 21. c3 Qxd2 22. Rxd2 Rad8 23. Nc1 g5 24. Kc2 Nd3 25. Ne2 Nxf2 
26. Rxd8 Kxd8 27. Rh3 Ke7 28. Be6 Kxe6 29. b4 f5 30. exf5+ Kxf5 31. Nc1 Nd3 
32. Nxd3 Ke4 33. Nf2+ Kd5 34. Ne4 
0-1

[Event "34th Chess Olympiad (men)"]
[Site "Istanbul"]
[Date "2000.10.29"]
[Round "2.34.1"]
[White "Bouaziz, Slim"]
[Black "Nilssen, John Arni"]
[WhiteElo "2383"]
[BlackElo "2354"]
[WhiteCountry "TUN"]
[BlackCountry "FAI"]
[Result "1/2-1/2"]

1. e4 c5 2. Nf3 Nc6 3. d4 cxd4 4. Nxd4 e5 5. Nb5 d6 6. N1c3 a6 7. Na3 b5 
8. Nd5 Nge7 9. c4 Nd4 10. Be3 Nxd5 11. cxd5 Be7 12. Nc2 Bg4 13. Qd2 Nxc2+ 
14. Qxc2 O-O 15. Bd3 Bg5 16. Bxg5 f5 17. Kd2 fxe4 18. f3 exd3 19. Rhf1 e4 
20. Rh1 
1/2-1/2

[Event "34th Chess Olympiad (men)"]
[Site "Istanbul"]
[Date "2000.10.29"]
[Round "2.34.2"]
[White "Rodgaard, John"]
[Black "Doghri, Nabil"]
[WhiteElo "2351"]
[BlackElo "2342"]
[WhiteCountry "FAI"]
[BlackCountry "TUN"]
[Result "1-0"]

1. c4 e5 2. e3 Nf6 3. Nc3 Nd5 4. Nf3 Nc6 5. Nxe5 Nxc3 6. bxc3 f5 7. Rb1 Bd6 
8. Qb3 Ke7 9. f4 Nxe5 10. Qc2 Ng6 11. d3 a6 12. e4 Rb8 13. e5 Ke6 14. exd6 Kxd6 
1-0

[Event "34th Chess Olympiad (men)"]
[Site "Istanbul"]
[Date "2000.10.29"]
[Round "2.34.3"]
[White "Bejaoui, Anis"]
[Black "Olsen, Heini"]
[WhiteElo "2124"]
[BlackElo "2313"]
[WhiteCountry "TUN"]
[BlackCountry "FAI"]
[Result "1/2-1/2"]

1. e4 e5 2. Nf3 Nc6 3. Bb5 a6 4. Ba4 Nf6 5. O-O Be7 6. Re1 b5 7. Bb3 d6 
8. c3 O-O 9. h3 Na5 10. Bc2 c5 11. d3 Nc6 12. Nbd2 Re8 13. Nf1 h6 14. Ng3 Bf8 
15. a4 Rb8 16. axb5 axb5 17. Nh2 d5 18. exd5 Qxd5 19. Bb3 Qd6 20. Qf3 Be6 
21. Nf5 Qd7 22. Bxe6 Rxe6 23. Ng4 Nxg4 24. Qxg4 Kh8 25. Qe4 Rd8 26. Rd1 c4 
27. Be3 cxd3 28. Bb6 Ra8 29. Rxa8 Kg8 30. Ne3 Ne7 31. b4 g6 32. g4 
1/2-1/2

[Event "34th Chess Olympiad (men)"]
[Site "Istanbul"]
[Date "2000.10.29"]
[Round "2.34.4"]
[White "Naes, Flovin Tor"]
[Black "Jday, Wassim"]
[WhiteElo "2271"]
[BlackElo "2000"]
[WhiteCountry "FAI"]
[BlackCountry "TUN"]
[Result "1-0"]

1. c4 e5 2. Nc3 Nf6 3. g3 d5 4. cxd5 Nxd5 5. Bg2 Nb6 6. Nf3 Nc6 7. O-O Be7 
8. d3 O-O 9. Be3 f5 10. Qb3+ Kh8 11. Rac1 Bf6 12. Nb5 Re8 13. Nd2 Be6 
14. Qc2 Nd5 15. Bc5 a6 16. Nc3 Nxc3 17. bxc3 Qd7 18. Rfd1 b6 19. Ba3 Rad8 
20. Nc4 b5 21. Nd2 Be7 22. Qb2 Na5 23. Bxe7 Rxe7 24. Qb4 Nb7 25. Bxb7 c5 
26. Qa5 
1-0

[Event "34th Chess Olympiad (men)"]
[Site "Istanbul"]
[Date "2000.10.29"]
[Round "2.35.1"]
[White "Yung, Lau"]
[Black "Sarsam, Abdulla"]
[WhiteElo "2130"]
[BlackElo "2423"]
[WhiteCountry "HKG"]
[BlackCountry "IRQ"]
[Result "0-1"]

1. e4 e5 2. Nf3 Nc6 3. Bb5 g6 4. O-O Bg7 5. Re1 Nge7 6. c3 O-O 7. d4 d6 
8. h3 h6 9. dxe5 dxe5 10. Qc2 Bd7 11. Be3 b6 12. Ba6 Nc8 13. Na3 Nd6 
14. Rad1 Qe7 15. Bb5 a6 16. Bc4 Rfd8 17. Qe2 Bc8 18. Bd5 Bb7 19. b4 Nxb4 
20. c4 c6 21. c5 b5 22. Bb3 Bc8 23. Rxd6 Qb7 24. Rxc6 Rd6 25. Rxd6 Qxe4 
26. Qd2 g5 27. Kf1 Bxh3 28. gxh3 h5 29. Bf4 exf4 30. Qxf4 h4 31. c6 gxf4 32. c7 
0-1

[Event "34th Chess Olympiad (men)"]
[Site "Istanbul"]
[Date "2000.10.29"]
[Round "2.35.2"]
[White "Ali, Mohammed"]
[Black "Schepel, Kaarlo"]
[WhiteElo "2307"]
[BlackElo "2175"]
[WhiteCountry "IRQ"]
[BlackCountry "HKG"]
[Result "1-0"]

1. Nf3 g6 2. d4 Bg7 3. c4 c5 4. e4 cxd4 5. Nxd4 Nc6 6. Be3 Qa5+ 7. Nc3 Nf6 
8. Nb3 Qd8 9. Be2 d6 10. O-O O-O 11. f3 b6 12. Qd2 Ba6 13. Bd4 Qd7 
14. Rfd1 Rfd8 15. Rac1 Nh5 16. Bxg7 Kxg7 17. Bf1 Bb7 18. Kh1 h6 19. Nd5 e5 
20. f4 f6 21. g3 Qe7 22. f5 Qf7 23. Bh3 Kh8 24. fxg6 Qxg6 25. Qe2 Rg8 
26. Rc3 Rg7 27. Rf3 Rag8 28. Bf5 Qg5 29. Be6 Nf4 30. Qf1 Nd3 31. Rdxd3 Qg4 
32. Rxf6 Qxe4+ 33. Qg2 Qe1+ 34. Rf1 Qe3 35. Bxg8 Rxg3 36. Qxg3 Qxg3 37. Rg1 Kg7 
1-0

[Event "34th Chess Olympiad (men)"]
[Site "Istanbul"]
[Date "2000.10.29"]
[Round "2.35.4"]
[White "Aziz, Ahmad"]
[Black "Chan, Ping"]
[WhiteElo "2323"]
[BlackElo "2000"]
[WhiteCountry "IRQ"]
[BlackCountry "HKG"]
[Result "1-0"]

1. e4 e5 2. Nf3 Nc6 3. Bb5 a6 4. Ba4 Nf6 5. O-O b5 6. Bb3 Be7 7. Re1 O-O 
8. c3 Na5 9. Nxe5 d6 10. Nf3 Bg4 11. Bc2 Nc4 12. d4 Re8 13. b3 Nb6 14. h3 Bh5 
15. Nbd2 Bf8 16. Nf1 Rc8 17. Ng3 Bg6 18. Nh2 c5 19. f4 h6 20. f5 Bh7 
21. Bf4 Qc7 22. Rc1 Nbd7 23. Nf3 Kh8 24. Kh1 Qb6 25. e5 Nd5 26. dxc5 Qxc5 
27. e6 fxe6 28. fxe6 N7f6 29. Bd2 Nxc3 30. Bxh7 Nxd1 31. Rxc5 Rxc5 32. Bg6 Rec8 
33. Rxd1 Be7 34. Nf5 Ng8 35. Be3 R5c7 36. Rxd6 a5 37. Kh2 Rc1 38. Ne5 h5 
39. Nxe7 Nxe7 40. Be4 R1c5 41. Bd2 Nf5 42. Nd7 g5 43. Rd3 
1-0

[Event "34th Chess Olympiad (men)"]
[Site "Istanbul"]
[Date "2000.10.29"]
[Round "2.36.1"]
[White "Cueto, Johnny"]
[Black "Samuel Sousa, Carlos"]
[WhiteElo "2389"]
[BlackElo "2000"]
[WhiteCountry "BOL"]
[BlackCountry "ANG"]
[Result "1-0"]

1. e4 c5 2. Nf3 Nc6 3. d4 cxd4 4. Nxd4 Nf6 5. f3 d6 6. Nc3 g6 7. Be3 Bg7 
8. Qd2 O-O 9. Bc4 Bd7 10. O-O-O Rc8 11. Bb3 Ne5 12. h4 h5 13. Bh6 Bxh6 
14. Qxh6 Rxc3 15. bxc3 a5 16. f4 Nfg4 17. Qg5 a4 18. Bd5 Qc8 19. fxe5 e6 
20. Nxe6 Bxe6 21. Bxe6 Qxe6 22. exd6 Nf6 23. Rhe1 Rc8 24. Rd3 Kg7 25. e5 Nd5 
26. d7 Qxd7 27. Qd2 Rc5 28. Rd1 Qb5 29. Rxd5 a3 30. Qd4 Rxd5 31. Qxd5 
1-0

[Event "34th Chess Olympiad (men)"]
[Site "Istanbul"]
[Date "2000.10.29"]
[Round "2.36.3"]
[White "Monroy, Javier"]
[Black "Assis Pedro, Aderito"]
[WhiteElo "2000"]
[BlackElo "2000"]
[WhiteCountry "BOL"]
[BlackCountry "ANG"]
[Result "0-1"]

1. e4 e6 2. d4 d5 3. e5 c5 4. c3 Qb6 5. Nf3 Bd7 6. Be2 Bb5 7. O-O Bxe2 
8. Qxe2 Qa6 9. Qd1 Nd7 10. Be3 cxd4 11. cxd4 Ne7 12. Nc3 Nc6 13. Qb3 Be7 
14. Rac1 O-O 15. Na4 Rac8 16. Nc3 Nb6 17. Qd1 Nc4 18. Qe2 Qa5 19. Ra1 b5 
20. Rfc1 a6 21. Nd2 Rfd8 22. b4 Qb6 23. Qd1 Nxd4 24. Qe2 Nxe3 25. fxe3 Nf5 
26. Nf3 Nxe3 27. Qc4 Rxc4 28. Nd2 Rc7 29. Kf2 Nc4+ 30. Kg3 Nxe5 31. Rd1 Rc4 
32. Nb3 g5 33. h3 g4 34. a3 Rxb4 35. axb4 Kh8 36. Ne4 gxh3 37. Kxh3 Rg8 
38. g3 Nf3 39. Re1 Qg1 40. Rxg1 f6 41. Rh1 f5 42. Nf6 Rg6 43. Nh5 Ng5+ 
44. Kh4 Nf3+ 
0-1

[Event "34th Chess Olympiad (men)"]
[Site "Istanbul"]
[Date "2000.10.29"]
[Round "2.36.4"]
[White "Domingos, Manuel"]
[Black "Campero, Ronald"]
[WhiteElo "2000"]
[BlackElo "2000"]
[WhiteCountry "ANG"]
[BlackCountry "BOL"]
[Result "1/2-1/2"]

1. e4 g6 2. d4 Bg7 3. Nf3 d6 4. Bc4 Nf6 5. Qe2 O-O 6. O-O Bg4 7. Nbd2 Nc6 
8. Qe3 d5 9. Bxd5 Qxd5 10. c4 Qh5 11. h3 Bd7 12. Ne5 Qxe5 13. c5 Be6 
14. Re1 Rad8 15. Qg5 Qf5 16. exf5 Bxf5 17. Qxf6 Bd3 18. Rd1 exf6 19. g3 Bf5 
20. g4 Be6 
1/2-1/2

[Event "34th Chess Olympiad (men)"]
[Site "Istanbul"]
[Date "2000.10.29"]
[Round "2.37.1"]
[White "Crosa, Martin"]
[Black "Adhami, Vangiel"]
[WhiteElo "2242"]
[BlackElo "2310"]
[WhiteCountry "URU"]
[BlackCountry "ALB"]
[Result "1-0"]

1. e4 c5 2. Nf3 g6 3. d4 Bg7 4. Nc3 cxd4 5. Nxd4 Nc6 6. Be3 d6 7. Bc4 Nf6 
8. Qd2 O-O 9. f3 Bd7 10. O-O-O Qa5 11. Kb1 Rfc8 12. Bb3 Ne5 13. g4 Rc4 
14. h4 Qd8 15. h5 Ne8 16. Nc6 Bxc6 17. hxg6 fxg6 18. Qe2 b5 19. Bd4 Kf8 
20. Rxh7 Qc7 21. Rdh1 Qd8 
1-0

[Event "34th Chess Olympiad (men)"]
[Site "Istanbul"]
[Date "2000.10.29"]
[Round "2.37.2"]
[White "Rama, Lorenc"]
[Black "Granara, Barreto Sebastian A"]
[WhiteElo "2316"]
[BlackElo "2095"]
[WhiteCountry "ALB"]
[BlackCountry "URU"]
[Result "1-0"]

1. c4 Nf6 2. Nc3 g6 3. g3 Bg7 4. Bg2 d6 5. d3 O-O 6. Rb1 c6 7. e4 Na6 
8. Nge2 Nc7 9. O-O e5 10. f4 exf4 11. gxf4 Ng4 12. h3 Nh6 13. Be3 Re8 
14. Qd2 f5 15. b4 Ne6 16. b5 c5 17. Nd5 b6 18. Bf2 Rb8 19. Rbe1 Bb7 
20. Nec3 Nd4 21. Ne2 Ne6 22. Kh2 Nc7 23. a4 Ne6 24. Bg3 Nc7 25. Ng1 fxe4 
26. dxe4 Nf7 27. Nf3 Ne6 28. Bh4 Qd7 29. Bf6 Nf8 30. Bb2 Ne6 31. Qc3 Kf8 
32. f5 gxf5 33. exf5 Nd4 34. Qxd4 Ne5 35. Ba3 Rbd8 
1-0

[Event "34th Chess Olympiad (men)"]
[Site "Istanbul"]
[Date "2000.10.29"]
[Round "2.37.3"]
[White "Carvalho, Guillermo"]
[Black "Pustina, Ylvi"]
[WhiteElo "2172"]
[BlackElo "2286"]
[WhiteCountry "URU"]
[BlackCountry "ALB"]
[Result "1/2-1/2"]

1. c4 c5 2. Nc3 Nc6 3. Nf3 g6 4. e3 Bg7 5. d4 b6 6. Be2 d6 7. O-O Nf6 8. b3 O-O 
9. Bb2 Bb7 10. d5 Nb8 11. Qd2 Nbd7 12. Rae1 Re8 13. Bd3 a6 14. a4 Qc7 
15. h3 Rad8 16. e4 Ne5 17. Nh2 e6 18. Bb1 exd5 19. exd5 Bc8 20. f4 Ned7 
21. g4 Nf8 22. Nf3 Rxe1 23. Rxe1 Re8 24. Nd1 Qd8 25. Bd3 h6 26. Kg2 Bd7 
27. Bc3 Rxe1 28. Qxe1 Ne8 
1/2-1/2

[Event "34th Chess Olympiad (men)"]
[Site "Istanbul"]
[Date "2000.10.29"]
[Round "2.37.4"]
[White "Sula, Zegir"]
[Black "Muniz, Rafael"]
[WhiteElo "2348"]
[BlackElo "2131"]
[WhiteCountry "ALB"]
[BlackCountry "URU"]
[Result "1-0"]

1. d4 Nf6 2. Nf3 g6 3. c4 d5 4. Nc3 Bg7 5. cxd5 Nxd5 6. e4 Nxc3 7. bxc3 c5 
8. Be2 O-O 9. O-O Nc6 10. d5 Na5 11. Be3 b6 12. Rc1 Nb7 13. Nd2 e5 14. f3 Nd6 
15. Nc4 Nxc4 16. Bxc4 Qd6 17. Bb5 Bb7 18. a4 Rfd8 19. Qe2 Rab8 20. Ba6 Rd7 
21. Rb1 Bf6 22. Rb2 h5 23. Rfb1 Bxa6 24. Qxa6 Rdb7 25. Qb5 Be7 26. Rf1 Bf6 
27. Rfb1 Be7 28. Qf1 Qd7 29. Qb5 Qd6 30. Qc4 Qc7 31. Rf1 Bd6 32. Rbf2 Re8 
33. g3 Qd8 34. Kg2 Qe7 35. Rb1 Reb8 36. Bd2 Kg7 37. Re1 Re8 38. f4 exf4 
39. gxf4 Qh4 40. Qe2 f6 41. Qf3 Rf7 42. c4 Kf8 43. Qg3 Qxg3+ 44. hxg3 Rfe7 
45. e5 Bb8 46. e6 Rh7 47. a5 Ke7 48. axb6 axb6 49. Rb1 Bc7 50. Ra1 h4 
51. Ra7 Kd6 52. Bc3 Rf8 53. Re2 Re7 54. Be5+ 
1-0

[Event "34th Chess Olympiad (men)"]
[Site "Istanbul"]
[Date "2000.10.29"]
[Round "2.38.1"]
[White "David, Alberto"]
[Black "Dive, Russell John"]
[WhiteElo "2487"]
[BlackElo "2414"]
[WhiteCountry "LUX"]
[BlackCountry "NZL"]
[Result "1-0"]

1. e4 Nf6 2. e5 Nd5 3. d4 d6 4. Nf3 dxe5 5. Nxe5 g6 6. Bc4 c6 7. O-O Bg7 
8. Re1 O-O 9. Bb3 Be6 10. h3 Nd7 11. Nf3 Nc7 12. c4 Nb6 13. Qe2 a5 14. a4 Re8 
15. Nc3 Na6 16. Bf4 Nb4 17. Rad1 Bf5 18. Ne5 Qc8 19. g4 Bd7 20. Qf3 Rf8 
21. Qe3 Re8 22. Kh2 Qd8 23. d5 cxd5 24. c5 Bxe5 25. Bxe5 f6 26. Qh6 Nd3 27. Ne4 
1-0

[Event "34th Chess Olympiad (men)"]
[Site "Istanbul"]
[Date "2000.10.29"]
[Round "2.38.2"]
[White "Martin, Benjamin"]
[Black "Mossong, Hubert"]
[WhiteElo "2377"]
[BlackElo "2213"]
[WhiteCountry "NZL"]
[BlackCountry "LUX"]
[Result "1/2-1/2"]

1. e4 c5 2. Nf3 Nc6 3. d4 cxd4 4. Nxd4 e5 5. Nb5 d6 6. N1c3 a6 7. Na3 b5 
8. Nd5 Nge7 9. c4 Nxd5 10. cxd5 Nb8 11. Bd3 Be7 12. O-O O-O 13. Nc2 Nd7 
14. Ne3 g6 15. Bd2 Nc5 16. Bc2 Bd7 17. b4 Nb7 18. a4 Qb6 19. Bc3 Rac8 
20. a5 Qa7 21. Bb2 Bg5 22. Re1 Rc7 23. Bb3 Rfc8 24. Qd3 Nd8 25. g3 f6 
26. Kg2 Nf7 27. h4 Bh6 28. Rf1 Bxe3 29. fxe3 Kg7 30. Rac1 Rxc1 31. Bxc1 Bg4 
32. Bd2 g5 33. Rh1 Qd7 34. Qf1 h5 35. Qf2 f5 36. Rf1 f4 37. exf4 Bh3+ 
38. Kh2 Bxf1 39. Qxf1 gxh4 40. f5 hxg3+ 41. Kxg3 Rg8 42. Qh3 Qa7 43. Kf3 Qd4 
44. f6+ Kxf6 45. Qf5+ Kg7 46. Bg5 Qc3+ 47. Ke2 Qc7 48. Qf6+ Kf8 49. Bh6+ Ke8 
50. Be3 Qxa5 51. bxa5 
1/2-1/2

[Event "34th Chess Olympiad (men)"]
[Site "Istanbul"]
[Date "2000.10.29"]
[Round "2.38.3"]
[White "Wagener, Claude"]
[Black "Green, Peter"]
[WhiteElo "2210"]
[BlackElo "2239"]
[WhiteCountry "LUX"]
[BlackCountry "NZL"]
[Result "1/2-1/2"]

1. e4 e5 2. Nf3 Nc6 3. Bc4 Nf6 4. d3 Be7 5. O-O d6 6. c3 O-O 7. Bb3 h6 
8. Re1 Nh7 9. Nbd2 Bg5 10. Nf1 Bxc1 11. Rxc1 Be6 12. Ng3 Qf6 13. Ba4 Ne7 
14. d4 Rad8 15. d5 Bc8 16. c4 Ng6 17. b4 Qg5 18. Rc3 Nf4 19. Ree3 h5 20. Qf1 h4 
21. Ne2 Nh5 22. Bc2 f5 23. exf5 Bxf5 24. Qb1 Bxc2 25. Qxc2 Rf7 26. Nf4 Rxf4 
27. c5 e4 28. cxd6 cxd6 29. Rc7 Rc8 30. Qe2 Qf5 31. g3 hxg3 32. hxg3 Rg4 
33. Qc4 b6 34. Qc5 Rg5 35. Qxd6 Rg6 36. Qd7 Rd8 37. g4 Qg5 38. Kg2 exf3+ 
39. Kxf3 Qxd5+ 40. Qxd5+ 
1/2-1/2

[Event "34th Chess Olympiad (men)"]
[Site "Istanbul"]
[Date "2000.10.29"]
[Round "2.38.4"]
[White "Wastney, Scott"]
[Black "Risch, Michel"]
[WhiteElo "2219"]
[BlackElo "2000"]
[WhiteCountry "NZL"]
[BlackCountry "LUX"]
[Result "0-1"]

1. Nf3 d5 2. d4 Nf6 3. c4 c6 4. Nc3 dxc4 5. a4 Bf5 6. Nh4 Bg4 7. f3 Bh5 
8. Nf5 e6 9. Ng3 Bb4 10. Bg5 Bg6 11. e4 Qa5 12. Bd2 Qb6 13. Be3 Qa5 
14. Qc1 Bxc3+ 15. bxc3 Qa6 16. Be2 O-O 17. Nf1 Nbd7 18. Nd2 Qa5 19. Nxc4 Qd8 
20. O-O Ne8 21. Rd1 Qe7 22. Bf4 Rc8 23. a5 c5 24. Qa3 Qf6 25. Be3 cxd4 
26. cxd4 b6 27. axb6 axb6 28. Rab1 Qd8 29. Bf4 Ra8 30. Qb2 Nc7 31. Rdc1 Nd5 
32. Bd2 Ne7 33. Bb4 Nb8 34. Nxb6 Ra7 35. Bc5 Rb7 36. Qa3 Re8 37. Nc4 Rxb1 
38. Rxb1 Nec6 39. Nd6 Re7 
0-1

[Event "34th Chess Olympiad (men)"]
[Site "Istanbul"]
[Date "2000.10.29"]
[Round "2.39.2"]
[White "Lungu, Nase"]
[Black "Elsness, Frode"]
[WhiteElo "2200"]
[BlackElo "2383"]
[WhiteCountry "ZAM"]
[BlackCountry "NOR"]
[Result "0-1"]

1. e4 c5 2. Nf3 d6 3. d4 cxd4 4. Nxd4 Nf6 5. Nc3 a6 6. Bg5 e6 7. Qd2 h6 
8. Bxf6 Qxf6 9. O-O-O Nc6 10. h4 Nxd4 11. Qd3 Bd7 12. Na4 Rd8 13. Nb6 Bc6 
14. f3 d5 15. exd5 exd5 16. Na4 Bd6 17. Nc3 O-O 18. Kb1 Rfe8 19. Rd2 h5 
20. Rd1 g6 21. Ne2 Be5 22. f4 Bc7 23. f5 Kg7 24. fxg6 Qxf1 25. Rdxf1 fxg6 
26. Rf2 Re3 27. Rg1 Rde8 28. Rgf1 Bg3 29. Rf7+ Kh6 30. Nc1 Bxh4 31. a3 Re1 
32. Ka2 Rxc1 33. b3 Rd8 34. R1f6 Rg1 35. a4 Bxf6 36. Rxf6 Re8 37. Rf4 Rd8 
38. Rf6 a5 39. Rd6 Be8 40. g4 Rxg4 41. Rxd5 h4 42. Rxa5 Bc6 43. Ra8 Kg7 
0-1

[Event "34th Chess Olympiad (men)"]
[Site "Istanbul"]
[Date "2000.10.29"]
[Round "2.39.3"]
[White "Lie, Kjetil A"]
[Black "Chumfwa, Stanley"]
[WhiteElo "2284"]
[BlackElo "2200"]
[WhiteCountry "NOR"]
[BlackCountry "ZAM"]
[Result "1/2-1/2"]

1. e4 c5 2. Nf3 d6 3. d4 cxd4 4. Nxd4 Nf6 5. Nc3 a6 6. Bg5 e6 7. f4 Qb6 
8. Qd2 Qxb2 9. Nb3 Qa3 10. Bxf6 gxf6 11. Be2 Nc6 12. O-O Bd7 13. f5 h5 
14. fxe6 fxe6 15. Rxf6 O-O-O 16. Rd1 Bg7 17. Rf3 Be5 18. Kh1 h4 19. Qe3 Kb8 
20. Nb1 Qxa2 21. N1d2 Be8 22. Rff1 h3 23. g3 Bg6 24. Rb1 Qa4 25. c3 Na7 
26. Bxa6 Qxa6 27. Ra1 Qc6 28. Rxa7 Rhf8 29. Rfa1 Rf7 30. Nd4 Bxd4 31. cxd4 Rdf8 
32. Kg1 Qc2 33. Qa3 Rf1+ 34. Rxf1 Rxf1+ 35. Kxf1 Qd1+ 36. Kf2 Qxd2+ 
37. Kf3 Qg2+ 38. Kg4 Qxe4+ 39. Kg5 Qf5+ 40. Kh6 Qh5+ 41. Kg7 Qh7+ 42. Kf6 Qf7+ 
43. Kg5 Qf5+ 44. Kh6 Qh5+ 45. Kg7 Qh7+ 46. Kf6 Qf7+ 47. Kg5 Qf5+ 48. Kh6 
1/2-1/2

[Event "34th Chess Olympiad (men)"]
[Site "Istanbul"]
[Date "2000.10.29"]
[Round "2.39.4"]
[White "Mbambara, Tizenge"]
[Black "Gabrielsen, Stig"]
[WhiteElo "2122"]
[BlackElo "2305"]
[WhiteCountry "ZAM"]
[BlackCountry "NOR"]
[Result "0-1"]

1. d4 Nf6 2. Nf3 g6 3. c4 Bg7 4. Nc3 d5 5. e3 O-O 6. b3 c5 7. Bb2 Qa5 
8. Qd2 cxd4 9. exd4 Nc6 10. Be2 Rd8 11. c5 Ne4 12. Ne5 Be6 13. Rd1 Rac8 
14. b4 Rc7 15. O-O Rdc8 16. b5 Qxc3 17. Bxc3 Rb8 18. Nxc6 bxc6 19. Ra1 Bxd4 
20. Bc4 g5 21. g3 f5 22. Be2 h5 23. g4 hxg4 24. Rac1 
0-1

[Event "34th Chess Olympiad (men)"]
[Site "Istanbul"]
[Date "2000.10.29"]
[Round "2.40.3"]
[White "Kachere, Clever"]
[Black "Gallego Martinez, Ruben"]
[WhiteElo "2000"]
[BlackElo "2313"]
[WhiteCountry "ZIM"]
[BlackCountry "AND"]
[Result "0-1"]

1. c4 Nf6 2. Nc3 g6 3. g3 Bg7 4. Bg2 O-O 5. Nf3 d6 6. O-O e5 7. d3 Nc6 
8. a3 Be6 9. Qc2 h6 10. b4 Qd7 11. Rd1 Ne8 12. Bb2 f5 13. e3 Qf7 14. Nd5 g5 
15. Rac1 Nd8 16. a4 c6 17. Nc3 f4 18. exf4 exf4 19. Ne4 Bg4 20. Rf1 Qh5 
21. Ned2 Rc8 22. Bxg7 Nxg7 23. d4 Bf5 24. Qc3 g4 25. Nh4 f3 26. Bh1 Nde6 
27. Nxf5 Nxf5 28. Nb3 Ng5 29. Rfd1 Nh3+ 30. Kf1 Nxf2 31. Kg1 Nxg3 
0-1

[Event "34th Chess Olympiad (men)"]
[Site "Istanbul"]
[Date "2000.10.29"]
[Round "2.41.1"]
[White "Sosa, Luis"]
[Black "Clavijo, Jorge"]
[WhiteElo "2166"]
[BlackElo "2414"]
[WhiteCountry "PUR"]
[BlackCountry "COL"]
[Result "0-1"]

1. e4 c5 2. Nc3 Nc6 3. f4 g6 4. Nf3 Bg7 5. Bb5 Nd4 6. Bd3 d6 7. Nxd4 Bxd4 
8. Qf3 Bd7 9. Ne2 Bg7 10. O-O Bc6 11. c3 Nf6 12. Bc2 O-O 13. d4 e6 
14. dxc5 dxc5 15. Be3 b6 16. g4 Qe7 17. Ng3 Nd7 18. Qe2 Qh4 19. g5 h6 
20. gxh6 Bxh6 21. e5 Qh3 22. Rae1 Nxe5 23. Be4 Bxe4 24. Nxe4 Qg4+ 25. Kh1 Qxe2 
26. Rxe2 Ng4 27. Bg1 Bg7 28. a4 Nf6 29. Nd6 Rfd8 30. Nc4 Rd5 31. Ne5 Rc8 
32. c4 Rd6 33. a5 Nd7 34. Nf3 Nb8 35. h4 Nc6 36. axb6 axb6 37. h5 gxh5 
38. f5 e5 39. Ng5 Bh6 40. Ne4 Rd3 41. Nf6+ Kg7 42. Nxh5+ Kf8 43. Nf6 Rh3+ 
44. Kg2 Rh4 45. Nd7+ Ke7 46. Nxb6 Rg8+ 47. Kf2 Kd6 48. Ke1 Rb8 49. b4 Nxb4 
50. Bxc5+ Kc6 51. Bxb4 Rxb6 
0-1

[Event "34th Chess Olympiad (men)"]
[Site "Istanbul"]
[Date "2000.10.29"]
[Round "2.41.2"]
[White "Echavarria, Johann"]
[Black "Santa, Torres Juan"]
[WhiteElo "2328"]
[BlackElo "2226"]
[WhiteCountry "COL"]
[BlackCountry "PUR"]
[Result "1/2-1/2"]

1. e4 c5 2. Nf3 e6 3. d4 cxd4 4. Nxd4 Nf6 5. Nc3 d6 6. Bc4 Be7 7. Bb3 O-O 
8. Be3 Na6 9. f4 Nc5 10. Qf3 a6 11. g4 d5 12. exd5 Nxb3 13. axb3 exd5 
14. h3 Bc5 15. O-O-O Re8 16. Rhe1 Bd7 17. Rd2 Bxd4 18. Rxd4 Bc6 19. Kd2 Re7 
20. Bf2 Rxe1 21. Bxe1 Rc8 22. Ke2 h5 23. Bf2 hxg4 24. hxg4 g6 25. b4 Bb5+ 
1/2-1/2

[Event "34th Chess Olympiad (men)"]
[Site "Istanbul"]
[Date "2000.10.29"]
[Round "2.41.3"]
[White "Montalvo, Alejandro"]
[Black "Mosquera, Miguel"]
[WhiteElo "2222"]
[BlackElo "2333"]
[WhiteCountry "PUR"]
[BlackCountry "COL"]
[Result "1/2-1/2"]

1. d4 d5 2. c4 c6 3. Nc3 Nf6 4. cxd5 cxd5 5. Bf4 Nc6 6. e3 e6 7. Bd3 Be7 
8. Rc1 O-O 9. Bg3 b6 10. Nf3 Bb7 11. Ne5 Nxe5 12. Bxe5 a6 13. O-O b5 
14. Qf3 Rc8 15. Qh3 g6 16. Ne2 Nd7 17. Bg3 Nb6 18. Nf4 Nc4 19. b3 Nd2 
20. Rfd1 Ne4 21. f3 Rxc1 22. Rxc1 Nxg3 23. Qxg3 Bd6 24. Qe1 e5 25. dxe5 Bxe5 
26. Ne2 Re8 27. Qb4 Qb6 28. Nd4 Bd6 29. Qd2 Bf4 30. Re1 Bxe3+ 31. Rxe3 Qxd4 
32. Kf2 Kg7 33. Ke2 Re5 34. g3 g5 35. Rxe5 Qxe5+ 36. Qe3 f6 37. f4 Qb2+ 
38. Qd2 Qd4 39. fxg5 Qg4+ 40. Kf2 Qxg5 41. Qxg5+ fxg5 42. Ke3 
1/2-1/2

[Event "34th Chess Olympiad (men)"]
[Site "Istanbul"]
[Date "2000.10.29"]
[Round "2.41.4"]
[White "Renteria, Jorge"]
[Black "Bermudez, Adams William"]
[WhiteElo "2271"]
[BlackElo "2125"]
[WhiteCountry "COL"]
[BlackCountry "PUR"]
[Result "1-0"]

1. e4 c5 2. Nf3 d6 3. Nd4 Nf6 4. Nc3 g6 5. f3 Nfd7 6. g4 Qc7 7. e5 Nxe5 
8. Be2 b5 9. h4 c4 10. Bxc4 bxc4 11. h5 h6 12. f4 Qd7 13. g5 Qf5 14. Qg4 Qxg4 
15. Nf5 Qxf5 16. gxh6 Qg5 17. a3 a5 18. a4 
1-0

[Event "34th Chess Olympiad (men)"]
[Site "Istanbul"]
[Date "2000.10.29"]
[Round "2.42.1"]
[White "Rohl, Juan"]
[Black "Neumann, Han H W M"]
[WhiteElo "2350"]
[BlackElo "2228"]
[WhiteCountry "VEN"]
[BlackCountry "AHO"]
[Result "1-0"]

1. e4 c5 2. c3 Qa5 3. Nf3 d6 4. Bc4 Nf6 5. Qe2 Bg4 6. e5 dxe5 7. Bxf7+ Kd8 
8. Qd3+ Kc7 9. Nxe5 Qa6 10. Qxa6 Nxa6 11. Bc4 Bh5 12. Na3 e6 13. d4 cxd4 
14. Nb5+ Kb6 15. Nxd4 Nc7 16. Bb3 Bc5 17. Be3 Ncd5 18. Bxd5 exd5 19. b4 Bd6 
20. Nf5+ Kc7 21. Nxd6 Kxd6 22. Nd3 Rhe8 23. Nf4 Bf7 24. O-O g5 25. Ne2 Ng4 
26. Bc5+ Kc7 27. Rfe1 b6 28. Bd4 Re6 29. h3 Nh6 30. Ng3 Rae8 31. Rxe6 Bxe6 
32. f3 Bf5 33. Kf2 Re6 34. a4 a6 35. Re1 Rxe1 36. Kxe1 Ng4 37. hxg4 Bd7 
38. Bf6 Bxa4 39. Bxg5 Bd7 40. Be7 a5 41. bxa5 bxa5 42. Kd2 Bb5 43. Ke3 Kd7 
44. Bc5 Ke6 45. f4 a4 46. f5+ Kf7 47. Kf4 
1-0